[Event "Novokuznetsk SFO-ch U17"]
[Site "Novokuznetsk"]
[Date "2014.11.08"]
[Round "7"]
[White "Vartanov, Dmitriy"]
[Black "Kharchenko, Alexey"]
[Result "0-1"]
[WhiteElo "1897"]
[BlackElo "2149"]
[PlyCount "62"]
[EventDate "2014.11.02"]
[EventType "swiss"]
[EventRounds "9"]
[EventCountry "RUS"]
[SourceTitle "CBM 163 Extra"]
[Source "ChessBase"]
[SourceDate "2014.12.23"]
[SourceVersion "1"]
[SourceVersionDate "2014.12.23"]
[SourceQuality "1"]

1. e4 c5 2. c3 Nf6 3. e5 Nd5 4. d4 cxd4 5. Nf3 Nc6 6. Bc4 Nb6 7. Bb3 d5 8. exd6 Qxd6 9. 0-0 Be6 10. Bxe6 Qxe6 11. Nxd4 Nxd4 12. cxd4 g6 13. Nc3 Bg7 14. Be3 Rd8 15. d5 Nxd5 16. Nxd5 Rxd5 17. Qa4+ Qd7 18. Qxa7 0-0 19. a4 f5 20. f4 Rd2 21. Rf2 Rxf2 22. Bxf2 Bxb2 23. Rf1 Rd8 24. Kh1 Bf6 25. a5 Qd3 26. Rg1 Qe4 27. Qb6 Rd3 28. a6 bxa6 29. Qxa6 Rd2 30. Qc8+ Kg7 31. Be1 Rc2 0-1

[Event "Novokuznetsk SFO-ch U17"]
[Site "Novokuznetsk"]
[Date "2014.11.05"]
[Round "4"]
[White "Vartanov, Dmitriy"]
[Black "Shulajakov, Alexander"]
[Result "1/2-1/2"]
[WhiteElo "1897"]
[BlackElo "2051"]
[PlyCount "170"]
[EventDate "2014.11.02"]
[EventType "swiss"]
[EventRounds "9"]
[EventCountry "RUS"]
[SourceTitle "CBM 163 Extra"]
[Source "ChessBase"]
[SourceDate "2014.12.23"]
[SourceVersion "1"]
[SourceVersionDate "2014.12.23"]
[SourceQuality "1"]

1. e4 e6 2. Nf3 d5 3. e5 c5 4. b4 cxb4 5. a3 b3 6. cxb3 Nc6 7. d4 Bd7 8. b4 Rc8 9. Bd3 Qb6 10. Be3 h5 11. h3 Be7 12. Nbd2 Nh6 13. g4 a5 14. b5 Na7 15. a4 Rc3 16. Nb1 Rc8 17. Ra2 Bb4+ 18. Kf1 Ke7 19. Nh4 Bc3 20. Qf3 Ke8 21. Qf4 Bb4 22. Kg2 Be7 23. g5 Nf5 24. Nxf5 exf5 25. Bxf5 Bxf5 26. Qxf5 g6 27. Qf3 Qe6 28. Bd2 Rc4 29. Na3 Rxa4 30. Rc1 Kd7 31. Qb3 Rxa3 32. Rxa3 Bxa3 33. Qxa3 Nxb5 34. Qxa5 Qa6 35. Rc5 Qxa5 36. Bxa5 Na7 37. Rxd5+ Ke8 38. Rd6 Ke7 39. Bb4 Ke8 40. Rb6 Nc6 41. Rxb7 Kd8 42. d5 Nxb4 43. Rb8+ Kd7 44. e6+ fxe6 45. dxe6+ Kxe6 46. Rxh8 Kf5 47. h4 Kg4 48. Rg8 Nd3 49. Kh2 Ne5 50. Kh1 Kxh4 51. f4 Nd3 52. Rxg6 Nxf4 53. Rg8 Ne6 54. g6 Kg5 55. Kh2 Kf6 56. Kh3 Ng7 57. Kg3 Kxg6 58. Kf4 Kf7 59. Ra8 Kf6 60. Rf8+ Kg6 61. Rb8 Kf6 62. Rb6+ Ne6+ 63. Kg3 Kf5 64. Rb5+ Kg6 65. Kh4 Ng7 66. Rb6+ Kf5 67. Ra6 Ke5 68. Rg6 Ne6 69. Rg8 Nf4 70. Kg5 Nd5 71. Re8+ Kd6 72. Rd8+ Ke6 73. Kxh5 Ke5 74. Kg5 Nc7 75. Rd1 Ne6+ 76. Kg4 Nd4 77. Re1+ Kd5 78. Kg3 Ne6 79. Re3 Nd4 80. Kf4 Ne6+ 81. Kf5 Nd4+ 82. Kf6 Nc2 83. Rh3 Nd4 84. Rh4 Nf3 85. Rh5+ Ke4 1/2-1/2

[Event "Novokuznetsk SFO-ch U17"]
[Site "Novokuznetsk"]
[Date "2014.11.03"]
[Round "2"]
[White "Tsybikov, Bato"]
[Black "Vartanov, Dmitriy"]
[Result "0-1"]
[WhiteElo "800"]
[BlackElo "1897"]
[PlyCount "90"]
[EventDate "2014.11.02"]
[EventType "swiss"]
[EventRounds "9"]
[EventCountry "RUS"]
[SourceTitle "CBM 163 Extra"]
[Source "ChessBase"]
[SourceDate "2014.12.23"]
[SourceVersion "1"]
[SourceVersionDate "2014.12.23"]
[SourceQuality "1"]

1. e4 c5 2. Nf3 a6 3. Nc3 b5 4. a4 b4 5. Nd5 Bb7 6. d3 e6 7. Ne3 Nf6 8. g3 g6 9. Bg2 Bg7 10. e5 Nd5 11. Nc4 0-0 12. 0-0 f6 13. exf6 Nxf6 14. Nd6 Bd5 15. Re1 Qc7 16. Bf4 Nh5 17. Nb5 Qb7 18. Nd6 Qc6 19. Nc4 Nxf4 20. gxf4 Rxf4 21. Nfe5 Qc7 22. Qd2 g5 23. h4 d6 24. Ne3 Bxg2 25. Nxg2 Bxe5 26. Nxf4 Bxf4 27. Qe2 e5 28. hxg5 Bxg5 29. Qh5 Qd8 30. Re4 Ra7 31. Kh1 Rg7 32. Rg1 Nd7 33. Ree1 h6 34. f4 Qa8+ 35. Kh2 Nf6 36. Rxg5 Nxh5 37. Rxg7+ Kxg7 38. fxe5 dxe5 39. c3 Qf3 40. Rg1+ Kh7 41. d4 exd4 42. a5 Nf4 43. Rg3 Qf2+ 44. Kh1 Qxg3 45. b3 Qg2# 0-1